• 首页
  • 本馆介绍
  • 公告通知
  • 最新文献
  • 馆藏检索
  • 电子资源
  • 读者导购
  • 参考咨询
  • 我的图书馆
  • 登录
  • 详细信息显示
  • 放入我的书架
  • 预约/预借图书
  • 作者相关作品
  • 分类相关作品
  • 丛书相关作品
  • 出版社相关作品

书目信息

  • 表格格式
  • 工作单格式
  • 卡片格式
题名:
物联网-射频识别(RFID)核心技术教程
    
 
作者: 黄玉兰 编著
分册:  
出版信息: 北京   人民邮电出版社  2016.4
页数: 350页
开本: 26cm
丛书名:
单 册:
中图分类: TN911.23
科图分类:
主题词: 射频--无线电信号--信号识别--教材
电子资源:
ISBN: 978-7-115-41255-3
000 01001nam0 2200241 450
001 0400001248
005 20171015152819.0
010    @a978-7-115-41255-3@dCNY58.00
100    @a20171015e20172016em y0chiy0110 ea
101 0  @achi
102    @aCN@b110000
105    @aak j 000yy
106    @ar
200 1  @a物联网-射频识别(RFID)核心技术教程@f黄玉兰编著
210    @a北京@c人民邮电出版社@d2016.4@h2017.4
215    @a350页@c图表@d26cm
320    @a有书目(第349-350页)
330    @a本书分3篇,共17章,全面介绍了物联网RFID系统及其工作原理。第1篇介绍物联网RFID产生的背景和系统架构;第2篇讲解RFID的组成、工作原理和标准体系,主要内容包括RFID使用的频率、电磁波的工作特点、天线、射频前端电路、编码与调制、数据的完整性和安全性、电子标签的体系结构、读写器的体系结构、中间件和RFID标准体系;第3篇介绍物联网RFID在6个领域的典型实例。
606 0  @a射频@x无线电信号@x信号识别@j教材
690    @aTN911.23@v5
701  0 @a黄玉兰@4编著
801  0 @aCN@b91MARC@c20171015
905    @b1020629-33@dTN911.23@f5@e193
    
    物联网-射频识别(RFID)核心技术教程/黄玉兰编著.-北京:人民邮电出版社,2016.4(2017.4)
    350页:图表;26cm
    
    
    ISBN 978-7-115-41255-3:CNY58.00
    本书分3篇,共17章,全面介绍了物联网RFID系统及其工作原理。第1篇介绍物联网RFID产生的背景和系统架构;第2篇讲解RFID的组成、工作原理和标准体系,主要内容包括RFID使用的频率、电磁波的工作特点、天线、射频前端电路、编码与调制、数据的完整性和安全性、电子标签的体系结构、读写器的体系结构、中间件和RFID标准体系;第3篇介绍物联网RFID在6个领域的典型实例。
●
相关链接 在E读中查询图书 在五车中查询图书 在当当中查询图书 在豆瓣中查询图书


正题名:物联网-射频识别(RFID)核心技术教程     索取号:TN911.23/193         预约/预借

序号 登录号 条形码 馆藏地/架位号 状态 备注
1 1020629   210206294   第二样本阅览室/ [索取号:TN911.23/193] 在馆    
2 1020630   210206301   密集书库-物理学院/ [索取号:TN911.23/193] 在馆    
3 1020631   210206310   第三借阅区/ [索取号:TN911.23/193] 在馆    
4 1020632   210206329   第三借阅区/ [索取号:TN911.23/193] 在馆    
5 1020633   210206338   第三借阅区/ [索取号:TN911.23/193] 在馆    
唐山师范学院图书馆 欢迎您!
大连网信软件有限公司© 版权所有